000 00920nam a22002297a 4500
999 _c12770
_d12770
003 AR-CdUCM
008 190410b ||||| |||| 00| 0 spa d
020 _a84-306-2060-5
040 _aMUNICIPALIDAD PROVINCIAL DEL CUSCO
_cBIBLIOTECA MUNICIPAL DEL CUSCO
082 _a800.1 /
_bF86
100 _aFrye, Northrop
_930820
245 _aLa estructura inflexible de la obra literaria /
_bensayos sobre crítica y sociedad :
260 _aMadrid :
_bTaurus
_c1993.
300 _a411 paginas ;
_c21 cm.
505 _aContenido : Los instrumentos de la producción mental -- La ciencia del bien y del mal -- Especulación e interés -- Variedades de las utopías literarias -- La revelación a Eva...
650 _aCritica Literaria
_92609
650 _aEnsayos
_9375
650 _aHistoria literaria
_92287
700 _aDurbán Sánchez, Rafael (Traductor)
_930821
942 _2ddc
_cLIBROS
945 _awnts
_d2019-04-10